Tulasidas Ramayana. (Record no. 74863)

MARC details
000 -LEADER
fixed length control field 00663cam a22002291 4500
001 - CONTROL NUMBER
control field sa 67004967
003 - CONTROL NUMBER IDENTIFIER
control field DLC
005 - DATE AND TIME OF LATEST TRANSACTION
control field 20260227112352.0
008 - FIXED-LENGTH DATA ELEMENTS--GENERAL INFORMATION
fixed length control field 830228s1967 ii a 000 1 eng
010 ## - LIBRARY OF CONGRESS CONTROL NUMBER
LC control number sa 67004967
025 ## - OVERSEAS ACQUISITION NUMBER
Overseas acquisition number PL480:I-E-8244
035 ## - SYSTEM CONTROL NUMBER
System control number (OCoLC)9264251
040 ## - CATALOGING SOURCE
Original cataloging agency DLC
Transcribing agency CtW
Modifying agency TxU
-- DLC
050 00 - LIBRARY OF CONGRESS CALL NUMBER
Classification number PZ4.S5316
Item number Tu
100 1# - MAIN ENTRY--PERSONAL NAME
Personal name Sharma, Kunti.
245 10 - TITLE STATEMENT
Title Tulasidas Ramayana.
260 ## - PUBLICATION, DISTRIBUTION, ETC.
Place of publication, distribution, etc. [Madras]
Name of publisher, distributor, etc. Higginbothams
Date of publication, distribution, etc. [1967]
300 ## - PHYSICAL DESCRIPTION
Extent 241 p.
Other physical details illus.
Dimensions 21 cm.
500 ## - GENERAL NOTE
General note A retelling of Tulasīdāsa's Rāmacaritamānasa.
650 #0 - SUBJECT ADDED ENTRY--TOPICAL TERM
Topical term or geographic name entry element Rāma (Hindu deity)
Form subdivision Fiction.
700 0# - ADDED ENTRY--PERSONAL NAME
Personal name Tulasīdāsa,
Dates associated with a name 1532-1623.
Title of a work Rāmacaritamānasa.

No items available.

Powered by Koha